|
|
|
|
| LEADER |
00789nta a2200217 i 4500 |
| 001 |
dokt6193 |
| 005 |
20221025091948.0 |
| 008 |
221025s1975 hu om 0|| rus d |
| 040 |
|
|
|a SZTE Doktori Repozitórium
|b hun
|
| 041 |
|
|
|a rus
|
| 100 |
1 |
|
|a Kun László
|
| 245 |
1 |
0 |
|a Szórend, hangsúly, aktuális mondattagolás
|h [elektronikus dokumentum] /
|c Kun László
|
| 246 |
1 |
0 |
|a Порядок слов, ударение и актуальное членение
|h [elektronikus dokumentum]
|
| 260 |
|
|
|c 1975
|
| 502 |
|
|
|a Disszertacio
|
| 650 |
|
4 |
|a nyelvtudományok
|
| 650 |
|
4 |
|a Bölcsészettudományok
|
| 650 |
|
4 |
|a Nyelvek és irodalom
|
| 695 |
|
|
|a Nyelvészet
|
| 700 |
1 |
|
|a Nincs megadva
|e ths
|
| 856 |
4 |
0 |
|u https://doktori.bibl.u-szeged.hu/id/eprint/6193/1/1975_kun_laszlo.pdf
|z Dokumentum-elérés
|